| 000 | 00521 a2200169 4500 | ||
|---|---|---|---|
| 020 | _a 8186104356 | ||
| 082 | _a658 | ||
| 245 |
_aQuotes on Meetings in Management / _ccomplied by Subhash C. Sethi & Vandana Sethi |
||
| 260 |
_aNew Delhi: _bBeacon Books, _c1997. |
||
| 300 |
_a149 p. : _bill. ; _c24 cm. |
||
| 440 |
_aIllustrated series on management _9122670 |
||
| 500 | _a Includes Index | ||
| 650 | _aManagement. | ||
| 700 |
_aSubhash C. Sethi _9122671 |
||
| 700 |
_aVandana Sethi _9122672 |
||
| 942 |
_cBK _k658 SET _2ddc |
||
| 999 |
_c4747 _d4747 |
||